00883nam a2200157Ia 4500008004100000050002300041245008600064260007700150300002000227500003600247650012500283952010000408952010000508952010000608999001700708120720s9999 xx 000 0 und d aLB2339.I5 E88 1999 aINSTITUTO NACIONAL DE CIENCIAS PENALES : ESTUDIOS DE POSGRADO, INFORMACION BASICA aMéxico : INSTITUTO NACIONAL DE CIENCIAS PENALES, DIRECCION DE DOCENCIA a83 P. / 20 CM. aINCLUYE : INDICE Y PRESENTACION aINSTITUTO NACIONAL DE CIENCIAS PENALES - CURRICULA \ UNIVERSIDADES - MEXICO - CURRICULA \ EDUCACION SUPERIOR - MEXICOÌ 00104070a03b03d2009-01-05l0oLB2339.I5 E88 1999p03 006123r2012-07-20t1w2012-07-20yLB 00104070a03b03d2009-01-05l0oLB2339.I5 E88 1999p03 006124r2012-07-20t2w2012-07-20yLB 00104070a03b03d2009-01-05l0oLB2339.I5 E88 1999p03 006125r2012-07-20t3w2012-07-20yLB c81078d81078